Flags of countries of the world #7 - Statistics

General Stats
  • This quiz has been taken 32 times
  • The average score is 15 of 18
Answer Stats
Picture Answer % Correct
Panama
100%
Chile
92%
Cuba
92%
Djibouti
92%
Zimbabwe
92%
Czech Republic
83%
Eritrea
83%
Liberia
83%
Mozambique
83%
North Korea
83%
Taiwan
83%
Bahamas
75%
Equatorial Guinea
75%
Guyana
75%
Samoa
75%
Sao-Tome and Principe
75%
Timor Leste
75%
Vanuatu
75%
No matching quizzes found
Score Distribution
Percent of People with Each Score
Percentile by Number Answered
Your Score History
You have not taken this quiz